Normal view MARC view

Entry Personal Name

Number of records used in: 1

001 - CONTROL NUMBER

  • control field: 10589

003 - CONTROL NUMBER IDENTIFIER

  • control field: DLC

005 - DATE AND TIME OF LATEST TRANSACTION

  • control field: 20250531155531.0

008 - FIXED-LENGTH DATA ELEMENTS

  • fixed length control field: 981022n| azannaabn |n aaa c

010 ## - LIBRARY OF CONGRESS CONTROL NUMBER

  • LC control number: no 98117564

035 ## - SYSTEM CONTROL NUMBER

  • System control number: (OCoLC)oca04843599

040 ## - CATALOGING SOURCE

  • Original cataloging agency: WaU
  • Language of cataloging: eng
  • Description conventions: rda
  • Transcribing agency: WaU
  • Modifying agency: DLC
  • Modifying agency: ICrlF

100 1# - HEADING--PERSONAL NAME

  • Personal name: Schilling, Melissa A.

373 ## - ASSOCIATED GROUP

  • Associated group: New York University
  • Source of term: naf

377 ## - ASSOCIATED LANGUAGE

  • Language code: eng

670 ## - SOURCE DATA FOUND

  • Source citation: Technololgy adoption, dominant design, and new product development, 1997:
  • Information found: t.p. (Melissa A. Schilling)

670 ## - SOURCE DATA FOUND

  • Source citation: Strategic management of technological innovation, c2005:
  • Information found: t.p. (Melissa A. Schilling) p. iv (Ph.D.; associate professor of management at the Stern School of Business, New York University; her research focuses on technological innovation and knowledge creation)

670 ## - SOURCE DATA FOUND

  • Source citation: Schilling, Melissa A. Quirky, 2019:
  • Information found: title page (Melissa A. Schilling) page 317 (Melissa A. Schilling is the John Herzog Family professor of management and organizations at New York University's Stern School of Business, and one of the world's leading experts on innovation)

Powered by Koha